Judicial hints on civil procedure. (Record no. 10840)
[ view plain ]
| 000 -LEADER | |
|---|---|
| fixed length control field | 02198nam a22004812 4500 |
| 001 - CONTROL NUMBER | |
| control field | 0000005757 |
| 005 - DATE AND TIME OF LATEST TRANSACTION | |
| control field | 20151217154354.0 |
| 008 - FIXED-LENGTH DATA ELEMENTS--GENERAL INFORMATION | |
| fixed length control field | 070716s xx 000 0 eng d |
| 020 ## - INTERNATIONAL STANDARD BOOK NUMBER | |
| International Standard Book Number | 9966703403 : |
| Terms of availability | KES 1,500 |
| 040 ## - CATALOGING SOURCE | |
| Original cataloging agency | KABU |
| Transcribing agency | KABU |
| 050 #0 - LIBRARY OF CONGRESS CALL NUMBER | |
| Classification number | KSK3570 |
| Item number | .K85 1984 |
| 100 1# - MAIN ENTRY--PERSONAL NAME | |
| Personal name | Kuloba, Richard. |
| -- | 0000160095 |
| 245 10 - TITLE STATEMENT | |
| Title | Judicial hints on civil procedure. |
| 250 ## - EDITION STATEMENT | |
| Edition statement | 2nd ed. |
| 260 ## - PUBLICATION, DISTRIBUTION, ETC. (IMPRINT) | |
| Place of publication, distribution, etc. | Nairobi : |
| Name of publisher, distributor, etc. | LawAfrica, |
| Date of publication, distribution, etc. | 1984. |
| 300 ## - PHYSICAL DESCRIPTION | |
| Extent | lviii, 334 p. |
| 650 #0 - SUBJECT ADDED ENTRY--TOPICAL TERM | |
| Topical term or geographic name as entry element | Civil procedure |
| Geographic subdivision | Kenya. |
| -- | 0000160098 |
| 852 1# - LOCATION | |
| -- | p1800 KES |
| 852 1# - LOCATION | |
| -- | p1800 KES |
| 852 1# - LOCATION | |
| -- | p1800 KES |
| 852 1# - LOCATION | |
| -- | p1800 KES |
| 852 1# - LOCATION | |
| -- | p1800 KES |
| 852 1# - LOCATION | |
| -- | p1800 KES |
| 852 1# - LOCATION | |
| -- | p1800 KES |
| 852 1# - LOCATION | |
| -- | p1800 KES |
| 852 1# - LOCATION | |
| -- | p1800 KES |
| 852 1# - LOCATION | |
| -- | p1800 KES |
| 852 1# - LOCATION | |
| -- | p1800 KES |
| 852 1# - LOCATION | |
| -- | p1800 KES |
| 852 1# - LOCATION | |
| -- | p1800 KES |
| 852 1# - LOCATION | |
| -- | p1800 KES |
| 852 1# - LOCATION | |
| -- | p1800 KES |
| 852 1# - LOCATION | |
| -- | p1800 KES |
| 852 1# - LOCATION | |
| -- | p1800 KES |
| 852 1# - LOCATION | |
| -- | p1800 KES |
| 852 1# - LOCATION | |
| -- | p1800 KES |
| 908 ## - PUT COMMAND PARAMETER (RLIN) | |
| Put command parameter | 070716 |
| 950 ## - LOCAL HOLDINGS (RLIN) | |
| -- | 1 |
| Withdrawn status | Lost status | Source of classification or shelving scheme | Not for loan | Home library | Current library | Date acquired | Total Checkouts | Full call number | Barcode | Date last seen | Date last checked out | Price effective from | Koha item type | Total Renewals | Damaged status |
|---|---|---|---|---|---|---|---|---|---|---|---|---|---|---|---|
| Library of Congress Classification | Kabarak, Main Campus | Kabarak, Main Campus | 17/12/2015 | 11 | KSK3570 .K85 1984 c. 6 | 018205 | 19/04/2023 | 18/04/2023 | 17/12/2015 | General Collection | |||||
| Library of Congress Classification | Kabarak, Main Campus | Kabarak, Main Campus | 17/12/2015 | 22 | KSK3570 .K85 1984 c. 9 | 018203 | 28/05/2021 | 07/05/2021 | 17/12/2015 | General Collection | |||||
| Library of Congress Classification | Kabarak, Main Campus | Kabarak, Main Campus | 17/12/2015 | 22 | KSK3570 .K85 1984 c. 10 | 018192 | 16/12/2025 | 14/11/2025 | 17/12/2015 | General Collection | 3 | ||||
| Library of Congress Classification | Kabarak, Main Campus | Kabarak, Main Campus | 17/12/2015 | 23 | KSK3570 .K85 1984 c. 12 | 018194 | 28/01/2026 | 26/01/2026 | 17/12/2015 | General Collection | 2 | ||||
| Library of Congress Classification | Kabarak, Main Campus | Kabarak, Main Campus | 17/12/2015 | 25 | KSK3570 .K85 1984 c. 13 | 018197 | 16/10/2023 | 03/10/2023 | 17/12/2015 | General Collection | 1 | ||||
| Library of Congress Classification | Kabarak, Main Campus | Kabarak, Main Campus | 17/12/2015 | 22 | KSK3570 .K85 1984 c. 14 | 018198 | 05/05/2021 | 22/04/2021 | 17/12/2015 | General Collection | 2 | ||||
| Library of Congress Classification | Kabarak, Main Campus | Kabarak, Main Campus | 17/12/2015 | 16 | KSK3570 .K85 1984 c. 15 | 018199 | 27/03/2021 | 27/03/2021 | 17/12/2015 | General Collection | |||||
| Library of Congress Classification | Kabarak, Main Campus | Kabarak, Main Campus | 17/12/2015 | 21 | KSK3570 .K85 1984 c. 17 | 018206 | 07/03/2023 | 13/02/2023 | 17/12/2015 | General Collection | 1 | ||||
| Library of Congress Classification | Kabarak, Main Campus | Kabarak, Main Campus | 17/12/2015 | 22 | KSK3570 .K85 1984 c. 18 | 018204 | 27/11/2024 | 25/11/2024 | 17/12/2015 | General Collection | 2 | ||||
| Library of Congress Classification | Kabarak, Main Campus | Kabarak, Main Campus | 17/12/2015 | 26 | KSK3570 .K85 1984 c. 20 | 018207 | 03/03/2026 | 15/02/2026 | 17/12/2015 | General Collection | 3 | ||||
| Library of Congress Classification | Kabarak, Main Campus | Kabarak, Main Campus | 17/12/2015 | 16 | KSK3570 .K85 1984 c. 21 | 031350 | 18/05/2021 | 03/05/2021 | 17/12/2015 | General Collection | 1 | ||||
| Library of Congress Classification | Kabarak, Main Campus | Kabarak, Main Campus | 17/12/2015 | 18 | KSK3570 .K85 1984 c. 22 | 018211 | 18/05/2021 | 13/05/2021 | 17/12/2015 | General Collection | 1 | ||||
| Library of Congress Classification | Kabarak, Main Campus | Kabarak, Main Campus | 17/12/2015 | 25 | KSK3570 .K85 1984 c. 25 | 018208 | 10/03/2026 | 28/02/2026 | 17/12/2015 | General Collection | 2 | ||||
| Library of Congress Classification | Kabarak, Main Campus | Kabarak, Main Campus | 17/12/2015 | 17 | KSK3570 .K85 1984 c. 7 | 018201 | 14/11/2024 | 07/10/2024 | 17/12/2015 | General Collection | 2 | ||||
| Library of Congress Classification | Kabarak, Main Campus | Kabarak, Main Campus | 17/12/2015 | 9 | KSK3570 .K85 1984 c. 24 | 018209 | 06/10/2025 | 17/03/2021 | 17/12/2015 | General Collection | 3 | ||||
| Library of Congress Classification | Kabarak, Main Campus | Kabarak, Main Campus | 17/12/2015 | 15 | KSK3570 .K85 1984 c. 11 | 018193 | 27/03/2024 | 08/03/2024 | 17/12/2015 | General Collection | 1 | ||||
| Library of Congress Classification | Kabarak, Main Campus | Kabarak, Main Campus | 17/12/2015 | 21 | KSK3570 .K85 1984 c. 16 | 018200 | 11/10/2023 | 22/09/2023 | 17/12/2015 | General Collection | 1 | ||||
| Library of Congress Classification | Kabarak, Main Campus | Kabarak, Main Campus | 17/12/2015 | 3 | KSK3570 .K85 1984 c. 4 | 19714 | 05/03/2021 | 24/02/2021 | 17/12/2015 | General Collection | |||||
| Library of Congress Classification | Kabarak, Main Campus | Kabarak, Main Campus | 17/12/2015 | 11 | KSK3570 .K85 1984 c. 3 | 009358 | 13/12/2024 | 11/11/2024 | 17/12/2015 | General Collection | 1 | ||||
| Library of Congress Classification | Kabarak, Main Campus | Kabarak, Main Campus | 17/12/2015 | 4 | KSK3570 .K85 1984 c. 2 | 014137 | 09/12/2024 | 14/11/2024 | 17/12/2015 | General Collection | |||||
| Library of Congress Classification | Kabarak, Main Campus | Kabarak, Main Campus | 17/12/2015 | 15 | KSK3570 .K85 1984 c. 8 | 018212 | 15/03/2024 | 13/02/2024 | 17/12/2015 | General Collection | 2 | ||||
| Library of Congress Classification | Kabarak, Main Campus | Kabarak, Main Campus | 17/12/2015 | 9 | KSK3570 .K85 1984 c. 5 | 22724 | 28/03/2022 | 26/03/2022 | 17/12/2015 | General Collection | 1 | ||||
| Library of Congress Classification | Kabarak, Main Campus | Kabarak, Main Campus | 17/12/2015 | 20 | KSK3570 .K85 1984 c. 19 | 018202 | 02/02/2026 | 26/01/2026 | 17/12/2015 | General Collection | 2 | ||||
| Library of Congress Classification | Kabarak, Main Campus | Kabarak, Main Campus | 17/12/2015 | 12 | KSK3570 .K85 1984 c. 23 | 018210 | 26/11/2021 | 12/11/2021 | 17/12/2015 | General Collection | 1 | ||||
| Lost | Library of Congress Classification | Kabarak, Main Campus | Kabarak, Main Campus | 17/12/2015 | 1 | KSK3570 .K85 1984 c. 1 | 003819 | 28/06/2016 | 28/06/2016 | 17/12/2015 | Africana Collection |